| 000 | 01000nam a22002297a 4500 | ||
|---|---|---|---|
| 999 |
_c2677 _d2677 |
||
| 003 | AR-CdUCM | ||
| 008 | 190305b ||||| |||| 00| 0 spa d | ||
| 040 |
_aMUNICIPALIDAD PROVINCIAL DEL CUSCO _cBIBLIOTECA MUNICIPAL DEL CUSCO |
||
| 041 | _heng | ||
| 082 |
_a321.8 / _bP415 |
||
| 100 |
_aPennock, J. Roland _99401 |
||
| 245 |
_aLa información de nuevas naciones : _bSus problemas sociales y políticos / |
||
| 260 |
_aBuenos Aires : _bTroquel, _c1967. |
||
| 300 |
_a130 paginas ; _c19 cm. |
||
| 505 | _aDemocracia, modernización y la formación de naciones -- El problema de la convivencia de la autonomía -- La convivencia de las ideas "occidentales" para los nuevos estados africanos -- El comunismo y las naciones nuevas -- La política de estados unidos con respecto al desarrollo político. | ||
| 650 |
_aNuevos estados _99402 |
||
| 650 |
_aNaciones _99403 |
||
| 650 |
_aGobierno y sociedad _99404 |
||
| 700 |
_aMontes, Estela (Traductor) _99405 |
||
| 942 |
_2ddc _cLIBROS |
||
| 945 | _awnts | ||